Sudden death: Real or fake city in Israel? - Statistics

General Stats
  • This quiz has been taken 47 times
    41 since last reset
  • The average score is 6 of 15
Answers on the Grid
Answers color-coded by a green-red scale on the quiz's grid according to % correct below.
Be'er Tokha
Kiryat Shmona
Tel-Azar
Emek-Khoref
Katzrin
Mankhussa
Tamra
Rahat
Kiryat Tivon
Ramat-Aviv
Harim
Rakavot
Gadera
Shlomi
Kfar Ha-Galil
Zion
Shenia
Ein Zion
Haifa
Liman
Netanya
Yeshuv
Hadera
Kiryat Gil
Har-Yarok
Raanana
Tira
Darom
A-Shams
Dimona
 
Answer Stats
Answer % Correct
Kiryat Shmona
79%
Haifa
63%
Rahat
53%
Hadera
47%
Netanya
47%
Raanana
42%
Gadera
37%
Katzrin
37%
Tamra
37%
Dimona
32%
Kiryat Tivon
32%
Tira
32%
Shlomi
26%
Liman
11%
Zion
5%
No matching quizzes found
Score Distribution
Percent of People with Each Score
Percentile by Number Answered
Your Score History
You have not taken this quiz since the last reset